| 000 | 00413nam a2200145Ia 4500 | ||
|---|---|---|---|
| 008 | 191201s2005 xx 000 0 und d | ||
| 082 |
_a621.3191 _bMAS |
||
| 100 | _aMAITRA, Gitin M | ||
| 245 | 0 | _aSchaum's Outlines of Theory and Problems of Electronic Communication | |
| 250 | _a8th | ||
| 260 |
_aN.Delhi _bTata Mc Graw Hill Pub. co. Ltd _c2005 |
||
| 300 | _a1.11-10.111 | ||
| 650 | _aB.Tech(ECE) | ||
| 942 |
_2ddc _cBK |
||
| 999 |
_c960 _d960 |
||